000 00275nam a2200109Ia 4500
001 588591
005 20250717120835.0
008 250717s9999 xx 000 0 und d
245 0 _aV-4 ÖĞÜTÜCÜ KARINCA
_cZEYNEP YEŞİLMEN
260 _bERDEM YAYINLARI
_c2019
300 _b95
999 _c588591
_d588591